[Event "SWE-chT2 1213"]
[Site "Sweden"]
[Date "2013.03.17"]
[Round "9"]
[White "Palmqvist, Frederik"]
[Black "Surender, Anil"]
[Result "0-1"]
[WhiteElo "2050"]
[BlackElo "2017"]
[PlyCount "78"]
[EventDate "2012.10.20"]
[EventType "team-tourn"]
[EventRounds "9"]
[EventCountry "SWE"]
[SourceTitle "EXT 2015"]
[Source "ChessBase"]
[SourceDate "2014.11.20"]
[SourceVersion "1"]
[SourceVersionDate "2014.11.20"]
[SourceQuality "1"]
[WhiteTeam "Stockholm SS"]
[BlackTeam "Limhamn II"]
[WhiteTeamCountry "SWE"]
[BlackTeamCountry "SWE"]

1. e4 g6 2. d4 Bg7 3. Nc3 d6 4. Nf3 a6 5. a4 b6 6. Be2 Bb7 7. 0-0 Nd7 8. Re1 e6 9. Be3 Ne7 10. Qd2 h6 11. d5 e5 12. Qd3 0-0 13. Nd2 f5 14. f3 Nf6 15. Rf1 f4 16. Bf2 g5 17. g3 h5 18. gxf4 exf4 19. Bd4 Ng6 20. Kh1 Nd7 21. Bxg7 Kxg7 22. Rg1 Nde5 23. Qd4 Bc8 24. Nd1 Qf6 25. Qc3 Rf7 26. Nf2 Kh7 27. Nb3 Nh4 28. Nd4 Rg7 29. Raf1 g4 30. Nd3 g3 31. Ne1 Bh3 32. hxg3 fxg3 33. f4 g2+ 34. Nxg2 Bxg2+ 35. Rxg2 Nxg2 36. Nf5 Nxf4 37. Rxf4 Qg5 38. Nxg7 Qxf4 39. Nf5 Qxe4+ 0-1

[Event "Reykjavik op"]
[Site "Reykjavik"]
[Date "2013.02.19"]
[Round "1"]
[White "So, Wesley"]
[Black "Palmqvist, Frederik"]
[Result "1-0"]
[WhiteElo "2684"]
[BlackElo "2050"]
[PlyCount "71"]
[EventDate "2013.02.19"]
[EventType "swiss"]
[EventRounds "10"]
[EventCountry "ISL"]
[SourceTitle "CBM 153 Extra"]
[Source "ChessBase"]
[SourceDate "2013.04.22"]
[SourceVersion "1"]
[SourceVersionDate "2013.04.22"]
[SourceQuality "1"]

1. e4 c5 2. Nf3 Nf6 3. e5 Nd5 4. d4 cxd4 5. Qxd4 e6 6. Bc4 Nc6 7. Qe4 d6 8. 0-0 dxe5 9. Nxe5 Bd6 10. Bxd5 exd5 11. Nxc6+ dxe4 12. Nxd8 Kxd8 13. Nc3 Bf5 14. Be3 Ke7 15. Rfe1 Rhc8 16. Rad1 Be5 17. Bd4 Bxd4 18. Rxd4 Kf8 19. Re2 Rd8 20. Rb4 b6 21. h3 Rd7 22. Nxe4 Rad8 23. f3 f6 24. Kf2 Bg6 25. a4 Rd4 26. Rxd4 Rxd4 27. b3 f5 28. Ng5 Rd6 29. Ke1 h6 30. Re6 Rxe6+ 31. Nxe6+ Kf7 32. Nd8+ Kf6 33. Nc6 f4 34. Nxa7 Bxc2 35. Nc8 Bxb3 36. Nxb6 1-0